1567 1165 1554 1188 1010 1997 1268 1221 1969 1003 1990 1502 1899 1268 1568 1945 1483 1792 1342 1159 1379 1547 1036 1318 1679 1942 1646 1706 1593 1076 1292 1295 1130 1812 1065 1825 1126 1090 1140 1168 1731 1488 1553 1921 1167 1306 1017 1233 1688 1620 1014 1197 1817 1303 1698 1777 1582 1805 1458 1280 1722 1083 1188 1887 1362 1630 1952 1518 1115 1726 1293 1242 1767 1009 1773 1849 1877 1233 1249 1941 1626 1989 1397 1346 1328 1326 1575 1496 1616 1565 1796 1883 1346 1737 1235 1207 1246 1439 1702 BCNSPRNW ULIB Ver.6.0+V

เปลี่ยนเป็นภาษาไทย

Change to English
 แสดงรายละเอียดบรรณานุกรม
  กลับหน้าหลัก

Brief Record : Get Marc (ISO 2709) : E-mail record : QR code < ปิดหน้าต่าง
LEADER : 00000nam 2200000uu 4500
001    13399108609
003     ULIB
008    110310s2553||||th 000 0 tha d
020    9786161100889
060  4 QY4^bส748ค
100 0  สุคันธา สิงห์ทอง
110 1  สถาบันพระบรมราชชนก^bโครงการสวัสดิการวิชาการ
245 00 ความรู้พื้นฐานด้านพยาธิวิทยาคลินิก/^cสุคันธา สิงห์ทอง
250    พิมพ์ครั้งที่ 1
260    นนทบุรี:^bโครงการสวัสดิการวิชาการ,^c2553
300    136 หน้า:^bภาพประกอบ
650  7 พยาธิวิทยา
945    ^p230^l0^i028663
945    ^p230^l0^i028662
945    ^p230^l0^i028363
945    ^p230^l0^i028361
945    ^p230^l0^i028360
945    ^p230^l0^i028359
945    ^p230^l0^i028362
945    ^p230^l0^i032604
945    ^p230^l0^i032605
995    ทศพร
999 ^a ใช้งานได้ทุกระบบ
รายการนี้ยังไม่มีแท็ก
คุณยังไม่ได้ล็อกอิน คุณสามารถมีกิจกรรมร่วมกับเว็บไซต์ได้ แต่ต้องล็อกอินก่อน ::
  ล็อกอิน

รายการสื่อสารสนเทศ

ลำดับที่ ประเภท เลขเรียก/บาร์โค้ด สถานที่ สถานะ
1. วิทยาศาสตร์การแพทย์ และสุขภาพ
หนังสือสำรอง
สถานะ=หนังสือสำรอง
QY4 ส748ค ฉ.1 
  Barcode: 028359
ห้องสมุดวิทยาเขตสวรรค์ประชารักษ์
►ส่วนจัดเก็บหนังสือเก่า สปร
บนชั้น
  ขอยืม
2. วิทยาศาสตร์การแพทย์ และสุขภาพ
วิทยาศาสตร์การแพทย์ และสุขภาพ
QY4 ส748ค ฉ.2 
  Barcode: 028360
ห้องสมุดวิทยาเขตสวรรค์ประชารักษ์
►ส่วนจัดเก็บหนังสือเก่า สปร
บนชั้น
  ขอยืม
3. วิทยาศาสตร์การแพทย์ และสุขภาพ
วิทยาศาสตร์การแพทย์ และสุขภาพ
QY4 ส748ค ฉ.3 
  Barcode: 028361
ห้องสมุดวิทยาเขตสวรรค์ประชารักษ์
►ส่วนจัดเก็บหนังสือเก่า สปร
บนชั้น
  ขอยืม
4. วิทยาศาสตร์การแพทย์ และสุขภาพ
วิทยาศาสตร์การแพทย์ และสุขภาพ
QY4 ส748ค ฉ.4 
  Barcode: 028362
ห้องสมุดวิทยาเขตสวรรค์ประชารักษ์
►ส่วนจัดเก็บหนังสือเก่า สปร
บนชั้น
  ขอยืม
5. วิทยาศาสตร์การแพทย์ และสุขภาพ
วิทยาศาสตร์การแพทย์ และสุขภาพ
QY4 ส748ค ฉ.5 
  Barcode: 028363
ห้องสมุดวิทยาเขตสวรรค์ประชารักษ์
►ส่วนจัดเก็บหนังสือเก่า สปร
บนชั้น
  ขอยืม
6. วิทยาศาสตร์การแพทย์ และสุขภาพ
วิทยาศาสตร์การแพทย์ และสุขภาพ
QY4 ส748ค ฉ.6 
  Barcode: 028662
ห้องสมุดวิทยาเขตสวรรค์ประชารักษ์
►ส่วนจัดเก็บหนังสือเก่า สปร
บนชั้น
  ขอยืม
7. วิทยาศาสตร์การแพทย์ และสุขภาพ
วิทยาศาสตร์การแพทย์ และสุขภาพ
QY4 ส748ค ฉ.7 
  Barcode: 028663
ห้องสมุดวิทยาเขตสวรรค์ประชารักษ์
►ส่วนจัดเก็บหนังสือเก่า สปร
บนชั้น
  ขอยืม
8. วิทยาศาสตร์การแพทย์ และสุขภาพ
วิทยาศาสตร์การแพทย์ และสุขภาพ
QY4 ส748ค ฉ.8 
  Barcode: 032604
ห้องสมุดวิทยาเขตสวรรค์ประชารักษ์
►ส่วนจัดเก็บหนังสือเก่า สปร
บนชั้น
  ขอยืม
9. วิทยาศาสตร์การแพทย์ และสุขภาพ
วิทยาศาสตร์การแพทย์ และสุขภาพ
QY4 ส748ค ฉ.9 
  Barcode: 032605
ห้องสมุดวิทยาเขตสวรรค์ประชารักษ์
►ส่วนจัดเก็บหนังสือเก่า สปร
บนชั้น
  ขอยืม

รายการใกล้เคียง
    ผู้แต่ง [สุคันธา สิงห์ทอง]

    หัวเรื่อง [พยาธิวิทยา]

BibComment


ยังไม่เคยถูกคอมเมนท์

คอมเมนท์ทรัพยากรรายการนี้
  คอมเมนท์: ความรู้พื้นฐานด้า..


 Copyright 2026. Bcnsprnw @Library